Trabajo infantil y adolescente en cifras (Registro nro. 4032)
[ vista simple ]
| 000 -LEADER | |
|---|---|
| fixed length control field | 01629 a2200253 4500 |
| 001 - CONTROL NUMBER | |
| control field | 45860 |
| 005 - DATE AND TIME OF LATEST TRANSACTION | |
| control field | 20260407155730.0 |
| 008 - FIXED-LENGTH DATA ELEMENTS--GENERAL INFORMATION | |
| fixed length control field | 260407a2008 arg spa d |
| 003 - CONTROL NUMBER IDENTIFIER | |
| control field | AR-UNSa-BCEJYS |
| 040 ## - CATALOGING SOURCE | |
| Original cataloging agency | AR-UNSa-BCEJYS |
| Language of cataloging | spa |
| Transcribing agency | AR-UNSa-BCEJYS |
| 080 ## - UNIVERSAL DECIMAL CLASSIFICATION NUMBER | |
| Universal Decimal Classification number | 331-053.2 |
| Common auxiliary subdivision | Trabajo Infantil |
| 041 ## - LANGUAGE CODE | |
| Language code of text/sound track or separate title | spa |
| 100 1# - MAIN ENTRY--PERSONAL NAME | |
| Personal name | Organización Internacional del Trabajo (OIT) |
| 245 10 - TITLE STATEMENT | |
| Title | Trabajo infantil y adolescente en cifras |
| Name of part/section of a work | segunda encuesta: síntesis de resultado de la provincia de Córdoba |
| 264 #1 - PRODUCTION, PUBLICATION, DISTRIBUTION, MANUFACTURE, AND COPYRIGHT NOTICE | |
| Place of production, publication, distribution, manufacture | Buenos Aires : |
| Name of producer, publisher, distributor, manufacturer | Ministerio de Trabajo y Seguridad Social |
| Date of production, publication, distribution, manufacture, or copyright notice | 2008 |
| 300 ## - PHYSICAL DESCRIPTION | |
| Extent | 63 p. |
| Dimensions | 24 cm. |
| 505 ## - FORMATTED CONTENTS NOTE | |
| Formatted contents note | 1. Características generales de la EANNA – 2. Incidencia del trabajo infantil y otras actividades económicas – 3. Perfil ocupacional – 4. Características educativas – 5. Niños y adolescentes respondentes – 6. Incidencia del trabajo infantil y otras actividades económicas – 7. Perfil ocupacional. Niños de 5 a 13 años – 8. Características educativas. Niños de 5 a 13 años – 9. Incidencia del trabajo adolescente y otras actividades económicas – 10. Perfil ocupacional. Jóvenes de 14 a 17 años – 11. Características educativas jóvenes de 14 a 17 años – 12. Incidencia del trabajo infantil y perfil ocupacional en las subregiones. |
| 590 ## - LOCAL NOTE (RLIN) | |
| Local note | niveau_biblio:m niveau_hierar:0 |
| 700 1# - ADDED ENTRY--PERSONAL NAME | |
| Personal name | Argentina. Ministerio de Trabajo, Empleo y Seguridad Social |
| 700 1# - ADDED ENTRY--PERSONAL NAME | |
| Personal name | UNICEF |
| 700 1# - ADDED ENTRY--PERSONAL NAME | |
| Personal name | Programa de las Naciones Unidas para el Desarrollo (PNUD) |
| 856 41 - ELECTRONIC LOCATION AND ACCESS | |
| Uniform Resource Identifier | <a href="https://www.biblioeco.unsa.edu.ar/pmb/images/libros/L127203.jpg">https://www.biblioeco.unsa.edu.ar/pmb/images/libros/L127203.jpg</a> |
| Link text | Imagen de portada |
| Electronic format type | image/jpeg |
| 942 ## - ADDED ENTRY ELEMENTS (KOHA) | |
| Koha item type | |
| Withdrawn status | Lost status | Damaged status | Not for loan | Home library | Current library | Shelving location | Date acquired | Total checkouts | Full call number | Barcode | Date last seen | Price effective from | Koha item type |
|---|---|---|---|---|---|---|---|---|---|---|---|---|---|
| Biblioteca Prof. Eusebio Cleto del Rey | Biblioteca Prof. Eusebio Cleto del Rey | 07/04/2026 | 331-053.2 A688t | L127203 | 07/04/2026 | 07/04/2026 | Libro |